[Event "Yerevan ol (Men)"]
[Site "Yerevan"]
[Date "1996.??.??"]
[Round "2"]
[White "Pinter, Jozsef"]
[Black "Itkis, Boris"]
[Result "1-0"]
[WhiteElo "2560"]
[BlackElo "2470"]

1.d4 Nf6 2.c4 e6 3.Nf3 Bb4+ 4.Bd2 Qe7 5.g3 Nc6 6.Nc3 Bxc3 7.Bxc3 Ne4 8.Rc1 O-O
9.Bg2 d6 10.d5 Nd8 11.O-O e5 12.c5 f5 13.cxd6 cxd6 14.Nd2 Nxc3 15.Rxc3 Nf7
16.Qb3 f4 17.Ne4 Bf5 18.Qb4 Bxe4 19.Qxe4 Ng5 20.Qc2 Qf6 21.h4 Nf7 22.Bh3 Nh6
23.Qe4 Qd8 24.Rf3 Kh8 25.Kg2 g6 26.e3 fxe3 27.fxe3 Qe7 28.Be6 Rxf3 29.Rxf3 Rf8
30.Rxf8+ Qxf8 31.g4 Kg7 32.Qa4 Ng8 33.Qxa7 Ne7 34.Qb6 Qb8 35.a4 g5 36.h5 Kh6
37.a5 Qf8 38.Qb4 Qd8 39.Qc3 Qf8 40.Qc2 Kg7 41.b4 Qd8 42.Qf2 Qe8 43.h6+  1-0

[Event "Yerevan ol (Women)"]
[Site "Yerevan"]
[Date "1996.??.??"]
[Round "3"]
[White "Kunte, Mrunalini"]
[Black "Ptacnikova, Lenka"]
[Result "1/2-1/2"]
[WhiteElo "2140"]
[BlackElo "2210"]

1.d4 Nf6 2.Nf3 e6 3.c4 Bb4+ 4.Bd2 Qe7 5.g3 O-O 6.Bg2 Bxd2+ 7.Qxd2 d6 8.Nc3 Re8
9.O-O e5 10.Rfd1 Nc6 11.Rac1 Bg4 12.d5 Nb8 13.Ne1 a5 14.b3 Na6 15.a3 Rf8
16.Nd3 Nd7 17.f3 Bh5 18.e4 Ndc5 19.Rb1 Nxd3 20.Qxd3 f6 21.b4 Be8 22.Bh3 g6
23.Rb2  1/2-1/2

[Event "Yerevan ol (Men)"]
[Site "Yerevan"]
[Date "1996.??.??"]
[Round "4"]
[White "Temirbaev, Serik"]
[Black "Franzoni, Giancarlo"]
[Result "1-0"]
[WhiteElo "2480"]
[BlackElo "2460"]

1.c4 e6 2.d4 Nf6 3.Nf3 Bb4+ 4.Bd2 Bxd2+ 5.Qxd2 O-O 6.Nc3 d5 7.e3 Qe7 8.Qc2 Rd8
9.Be2 dxc4 10.Bxc4 c5 11.O-O cxd4 12.exd4 Nc6 13.Rad1 Bd7 14.Qe2 Rac8 15.a3 Be8
16.Rfe1 Qc7 17.Ba2 Ne7 18.Ng5 Ned5 19.Bxd5 exd5 20.Nf3 Bc6 21.Ne5 Re8 22.Qd2 Ne4
23.Nxe4 dxe4 24.Rc1 Qd8 25.Nxc6 bxc6 26.Rc5 Qf6 27.Qc3 Rcd8 28.Rxc6 Qxd4
29.Qxd4 Rxd4 30.Ra6 Rd7 31.g4 g6 32.Ra5 h6 33.h4 Re6 34.Re3 Kg7 35.b4 Rd1+
36.Kg2 Rd7 37.g5 hxg5 38.hxg5 Rde7 39.Kg3 f5 40.gxf6+ Rxf6 41.f4 Rf5 42.Ra6 Rd5
43.Rc6 Rd3 44.Rxd3 exd3 45.Rd6 Re3+ 46.Kf2 Rh3 47.Ra6 Rh2+ 48.Ke3 d2 49.Rxa7+ Kf6
50.Rd7 Rh3+ 51.Kxd2 Rxa3 52.Rd3 Ra8 53.Kc3 Rb8 54.Rd4 Kf5 55.Kc4 Rc8+ 56.Kd5 Rd8+
57.Kc5 Rc8+ 58.Kb6 Rc1 59.b5 Rb1 60.Kc5 Ke6 61.b6 Rc1+ 62.Rc4 Rb1 63.Kc6  1-0

[Event "Yerevan ol (Men)"]
[Site "Yerevan"]
[Date "1996.??.??"]
[Round "7"]
[White "Sadler, Matthew"]
[Black "Izeta Txabarri, Felix"]
[Result "0-1"]
[WhiteElo "2615"]
[BlackElo "2525"]

1.d4 Nf6 2.c4 e6 3.Nf3 Bb4+ 4.Bd2 Qe7 5.g3 Nc6 6.Bg2 Bxd2+ 7.Nbxd2 d6 8.O-O a5
9.e4 e5 10.d5 Nb8 11.Ne1 Bg4 12.Qb3 c6 13.f4 cxd5 14.cxd5 O-O 15.Rf2 a4 16.Qa3 Bd7
17.fxe5 Ng4 18.Qxd6 Qxd6 19.exd6 Nxf2 20.Kxf2 f6 21.Rc1 Ra6 22.Nd3 b5 23.Ke3 Rxd6
24.Nb4 Rc8 25.Rxc8+ Bxc8 26.Kd4 Na6 27.Nxa6 Rxa6 28.Kc5 Bd7 29.Nf3 Kf8 30.Nd4 Ra8
31.Nc6 Be8 32.a3 g5 33.Kb6 h5 34.Kc7 Bxc6 35.dxc6 Ke7 36.Bf1 Rd8 37.Bxb5 Rd2
38.Kb6 Kd6 39.Bxa4 Rxb2+ 40.Bb5 Rxh2 41.a4 h4 42.gxh4 g4 43.Kb7 g3 44.h5 Rxh5
45.Bf1 Rh7+ 46.Kb6 Rh2  0-1

[Event "Yerevan ol (Women)"]
[Site "Yerevan"]
[Date "1996.??.??"]
[Round "7"]
[White "Kunte, Mrunalini"]
[Black "Ankerst, Milka"]
[Result "1/2-1/2"]
[WhiteElo "2140"]
[BlackElo "2195"]

1.d4 Nf6 2.Nf3 e6 3.c4 Bb4+ 4.Bd2 Qe7 5.g3 Nc6 6.Nc3 O-O 7.Qc2 d6 8.Bg2 Bxc3
9.Bxc3 e5 10.dxe5 dxe5 11.O-O Re8 12.e3 a5 13.Nd2 Bg4 14.Bxc6 bxc6 15.f3 Bh3
16.Rfe1 Qc5 17.b3 Rad8 18.Rad1 Ra8 19.Ne4 Nxe4 20.Qxe4 f6 21.g4 g6 22.Rd2 f5
23.gxf5 Bxf5 24.Qh4 Qe7 25.Qxe7 Rxe7 26.Red1 e4 27.Rd8+ Re8 28.Rxa8 Rxa8
29.fxe4 Bxe4 30.Rd7 Bb1 31.Rxc7 Ra6 32.Rg7+ Kf8 33.Rxh7 Bxa2 34.Rb7 a4 35.bxa4 Rxa4
36.c5 Bd5 37.Bd4 Rc4 38.Rb2 Kg8 39.Kf2 Rc1 40.Kg3 Kf8 41.Rb7 Rf1 42.Kg4 Rf7
43.Rb8+ Ke7 44.Kg5 Be4 45.Rb7+ Ke6 46.Rxf7 Kxf7 47.Kf4 Bc2 48.Ke5 Bd3 49.Bc3 Bc2
50.Be1 Bd3 51.Bh4 Bc2 52.Kd6 Be4 53.Ke5 Bd3 54.Kd6 Be4  1/2-1/2

[Event "Yerevan"]
[Site "Yerevan"]
[Date "1996.??.??"]
[Round "7"]
[White "Epishin, Vladimir"]
[Black "Anastasian, Ashot"]
[Result "1/2-1/2"]
[WhiteElo "2645"]
[BlackElo "2520"]

1.d4 Nf6 2.c4 e6 3.Nf3 Bb4+ 4.Bd2 Qe7 5.g3 b6 6.Bg2 Bb7 7.O-O Bxd2 8.Qxd2 d6
9.Nc3 Ne4 10.Nxe4 Bxe4 11.Qe3 Bb7 12.Rfd1 Nd7 13.b4 a5 14.a3 Nf6 15.Rac1 axb4
16.axb4 O-O 17.Ra1 b5 18.c5 Bd5 19.Qc3 Ne4 20.Qd3 Qf6 21.cxd6 cxd6 22.Rac1 g5
23.Qe3 Rfc8 24.Nd2 Nxd2 25.Qxd2 Rxc1 26.Qxc1 Bxg2  1/2-1/2

[Event "Yerevan ol (Men)"]
[Site "Yerevan"]
[Date "1996.??.??"]
[Round "8"]
[White "Sadler, Matthew"]
[Black "Hulak, Krunoslav"]
[Result "1-0"]
[WhiteElo "2615"]
[BlackElo "2545"]

1.d4 Nf6 2.c4 e6 3.Nf3 Bb4+ 4.Bd2 Qe7 5.g3 Nc6 6.Bg2 Bxd2+ 7.Nbxd2 O-O 8.O-O d6
9.e4 a5 10.h3 e5 11.d5 Nb8 12.Ne1 c6 13.Nd3 Nfd7 14.a3 a4 15.Rc1 b6 16.f4 Nc5
17.Nxc5 bxc5 18.fxe5 Qxe5 19.Rc3 cxd5 20.exd5 Bf5 21.g4 Qd4+ 22.Kh1 Bg6 23.Qc1 Nd7
24.Nf3 Qf6 25.h4 h5 26.Ng5 Qe7 27.gxh5 Bxh5 28.Re3 Ne5 29.Qc2 g6 30.Ne4 f6
31.Bh3 f5 32.Ng5 f4 33.Re4 f3 34.Qc3 Qf6 35.Rf2 Ra7 36.Kg1 Rb7 37.Qd2 Rb3
38.Qa5 Qe7 39.Qxa4 Rfb8 40.Ne6  1-0

[Event "Yerevan ol (Men)"]
[Site "Yerevan"]
[Date "1996.??.??"]
[Round "9"]
[White "Ghorbani, Mohsen"]
[Black "Arlandi, Ennio"]
[Result "0-1"]
[WhiteElo "2200"]
[BlackElo "2445"]

1.d4 Nf6 2.c4 e6 3.Nf3 Bb4+ 4.Bd2 c5 5.g3 Qb6 6.Bg2 Nc6 7.dxc5 Bxc5 8.O-O Ne4
9.Nc3 Nxf2 10.Rxf2 Bxf2+ 11.Kf1 Bd4 12.Nb5 Be5 13.a4 O-O 14.Ra3 d5 15.Re3 Qd8
16.Rd3 Qf6 17.Bg5 Qg6 18.cxd5 exd5 19.Rxd5 Be6 20.Rd2 a6 21.Nd6 h6 22.Be3 Bxd6
23.Rxd6 Rfd8 24.Kf2 Qf6 25.Rxd8+ Rxd8 26.Qc2 Ne5 27.Bb6 Rc8 28.Qd1 Ng4+ 29.Kg1 Qxb2
30.Qd6 Rc1+ 31.Bf1 Qd2  0-1

[Event "Yerevan ol (Men)"]
[Site "Yerevan"]
[Date "1996.??.??"]
[Round "9"]
[White "Orr, Mark J L"]
[Black "Johansen, Darryl K"]
[Result "1/2-1/2"]
[WhiteElo "2365"]
[BlackElo "2500"]

1.d4 Nf6 2.c4 e6 3.Nf3 Bb4+ 4.Bd2 Qe7 5.g3 Nc6 6.Nc3 O-O 7.Bg2 d6 8.d5 Nb8
9.dxe6 fxe6 10.O-O Bxc3 11.Bxc3 Ne4 12.Be1 a5 13.Nd4 Nf6 14.e4 e5 15.Nf5 Qe8
16.Ne3 Nbd7 17.Nd5 Nxd5 18.Qxd5+ Kh8 19.Bxa5 Nf6 20.Qd2 Qc6 21.Rfe1 b6 22.Bc3 Qxc4
23.f4 Qe6 24.f5 Qf7 25.a3 Bb7 26.Qe3 g6 27.Rf1 Qg7 28.h3 gxf5 29.exf5 Bxg2
30.Kxg2 Rac8 31.Rad1 Qf7 32.g4 Rg8 33.Rf3 Qc4 34.Re1 Rg7  1/2-1/2

[Event "Yerevan ol (Men)"]
[Site "Yerevan"]
[Date "1996.??.??"]
[Round "10"]
[White "Taleb, Moussa"]
[Black "Ooi Chern Ee"]
[Result "1/2-1/2"]
[WhiteElo "2260"]
[BlackElo "2225"]

1.d4 Nf6 2.c4 e6 3.Nf3 Bb4+ 4.Bd2 c5 5.Bxb4 cxb4 6.Nbd2 O-O 7.c5 b6 8.cxb6 Qxb6
9.e3 Bb7 10.Bd3 d6 11.O-O Nc6 12.Nc4 Qc7 13.Rc1 Qe7 14.Qa4 Nd5 15.Na5 Nxa5
16.Qxa5 Qd8 17.Qa4 a5 18.Bb5 Nb6 19.Qd1 Qe7 20.Qe2 Rac8 21.h3 Rc7 22.Ba6 Rfc8
23.Rxc7 Qxc7 24.Bxb7 Qxb7 25.Qb5 Qa7 26.Nd2 d5 27.a3 bxa3 28.bxa3 g6 29.Qd3 Rc6
30.Rb1 Qc7 31.Nb3 Rc3 32.Qd2 Na4 33.Rc1 Rxc1+ 34.Nxc1 Qc4 35.Ne2 Qb5  1/2-1/2

[Event "Yerevan ol (Men)"]
[Site "Yerevan"]
[Date "1996.??.??"]
[Round "11"]
[White "Magai, Vladimir"]
[Black "Urday, Henry"]
[Result "0-1"]
[WhiteElo "2500"]
[BlackElo "2450"]

1.d4 Nf6 2.c4 e6 3.Nf3 Bb4+ 4.Bd2 a5 5.g3 b6 6.Bg2 Bb7 7.O-O O-O 8.Qc2 Be4
9.Qc1 Nc6 10.Bc3 Ne7 11.Qd2 Bxc3 12.Nxc3 Bc6 13.Rac1 Ne4 14.Qd3 Nxc3 15.Rxc3 f5
16.Ne5 Bxg2 17.Kxg2 d6 18.Nf3 Qd7 19.e4 Rab8 20.b3 h6 21.exf5 Rxf5 22.Re1 Rbf8
23.Qe4 R5f6 24.Re2 Qc6 25.Qxc6 Nxc6 26.Re4 e5 27.dxe5 Nxe5 28.Nxe5 Rxf2+
29.Kh3 dxe5 30.Rxe5 Rxa2 31.c5 Rff2 32.cxb6 cxb6 33.Kg4 Rxh2 34.Re8+ Kh7
35.Rcc8 Rac2 36.Rh8+ Kg6 37.Rb8 Rc6 38.Rb7 Rf6  0-1

[Event "Yerevan ol (Men)"]
[Site "Yerevan"]
[Date "1996.??.??"]
[Round "11"]
[White "Ilincic, Zlatko"]
[Black "Dizdar, Goran"]
[Result "0-1"]
[WhiteElo "2520"]
[BlackElo "2535"]

1.d4 Nf6 2.c4 e6 3.Nf3 Bb4+ 4.Bd2 c5 5.Bxb4 cxb4 6.g3 O-O 7.Bg2 d6 8.O-O Nc6
9.Qd3 e5 10.Nbd2 Bg4 11.e4 Nd7 12.Rfc1 Qf6 13.d5 Ncb8 14.a3 Bxf3 15.Nxf3 Na6
16.Qe3 Ndc5 17.Ne1 Qd8 18.Nc2 Qb6 19.Rab1 f5 20.exf5 Rxf5 21.b3 Raf8 22.Rf1 R5f6
23.Qd2 bxa3 24.b4 a2 25.Rb2 Nd3 26.Qxd3 Rxf2 27.Kh1 Rxf1+ 28.Bxf1 Nxb4 29.Rxb4 Qxb4
30.Nxb4 a1=Q 31.Kg2 Qe1 32.Nc2 Qf2+  0-1

[Event "Yerevan ol (Men)"]
[Site "Yerevan"]
[Date "1996.??.??"]
[Round "13"]
[White "Van der Sterren, Paul"]
[Black "Dizdarevic, Emir"]
[Result "0-1"]
[WhiteElo "2510"]
[BlackElo "2505"]

1.d4 Nf6 2.c4 e6 3.Nf3 Bb4+ 4.Bd2 Qe7 5.g3 b6 6.Bg2 Bb7 7.O-O Bxd2 8.Qxd2 O-O
9.Nc3 d5 10.Ne5 Na6 11.Rfd1 Rfd8 12.cxd5 exd5 13.Rac1 c5 14.Qf4 Nc7 15.dxc5 bxc5
16.Ng4 Nxg4 17.Qxg4 Rab8 18.e3 Bc6 19.Rd2 Rd6 20.Qd1 Rbd8 21.Na4 Bxa4 22.Qxa4 Ne6
23.h4 h6 24.Bh3 d4 25.Rd3 g5 26.hxg5 Nxg5 27.Bg2 dxe3 28.Rxe3 Qf6 29.Re8+ Rxe8
30.Qxe8+ Kg7 31.Qe2 Ne6 32.b3 Qg5 33.f4 Qxg3 34.Qe5+ Kg8 35.Qxd6 Qe3+ 36.Kh2 Qxc1
37.Qb8+ Kh7 38.Be4+ Kg7 39.Qe5+ Kg8 40.Qb8+ Nf8 41.Bg2 a5 42.f5 Qd2 43.Qg3+ Kh7
44.Kh3 Nd7 45.Bf1 Nf6 46.Bc4 Ne4 47.Qg1 Qf4  0-1

[Event "Zalakaros op"]
[Site "Zalakaros"]
[Date "1996.??.??"]
[Round "2"]
[White "Horvath, Julia"]
[Black "Kozlova, Olga"]
[Result "0-1"]
[WhiteElo "2305"]
[BlackElo "2055"]

1.d4 Nf6 2.c4 e6 3.Nf3 Bb4+ 4.Bd2 Qe7 5.g3 Nc6 6.Bg2 Bxd2+ 7.Nbxd2 d6 8.O-O O-O
9.e4 e5 10.d5 Nb8 11.h3 a5 12.b3 Na6 13.a3 Nh5 14.Ne1 g6 15.Nd3 Nc5 16.Qe2 Bd7
17.b4 Nxd3 18.Qxd3 f5 19.Qc3 b6 20.Rac1 f4 21.g4 f3 22.Nxf3 Nf4 23.Rfe1 h5
24.gxh5 axb4 25.axb4 Ra2 26.Rc2 Rxc2 27.Qxc2 Bxh3 28.Bxh3 Nxh3+ 29.Kg2 Qd7
30.Nh2 gxh5 31.f3 Kh7 32.Kh1 Rg8 33.f4 Qg7 34.Nf3 Qg3 35.Rf1 Qxf4 36.Qe2 Qg4
37.Qh2 Kh6 38.Qd2+ Nf4 39.Qh2 Rf8 40.Nh4 Rf6 41.Rg1 Qh3 42.Rg8 Kh7 43.Rg5 Qe3
44.Qg3 Qxe4+ 45.Kh2 Qe2+ 46.Kh1 Ng6 47.Rf5 Qe4+ 48.Kh2 Kg7 49.Rg5 Qe2+ 50.Kh3 Qf1+
51.Kh2 Qf2+ 52.Qxf2 Rxf2+ 53.Kg3 Rf6 54.Rxh5 Rf4 55.Nf5+ Kf6 56.Ne3 b5 57.cxb5 Rxb4
58.Rh7 Nf4 59.Rxc7 Rb3 60.Kf2 Rxe3 61.Rc6 Rb3 62.b6 e4 63.Rxd6+ Ke7 64.Rh6 e3+
65.Kf3 e2+ 66.Kf2 Rb1  0-1

[Event "Zalakaros op"]
[Site "Zalakaros"]
[Date "1996.??.??"]
[Round "5"]
[White "Csom, Istvan"]
[Black "Lukacs, Peter"]
[Result "1/2-1/2"]
[WhiteElo "2430"]
[BlackElo "2440"]

1.Nf3 Nf6 2.d4 e6 3.c4 Bb4+ 4.Bd2 Qe7 5.Nc3 b6 6.e3 Bb7 7.a3 Bxc3 8.Bxc3 O-O
9.Qc2 Ne4 10.Be2 d6 11.O-O Nxc3 12.Qxc3 Nd7 13.Nd2 c5 14.Bf3 Bxf3 15.Nxf3  1/2-1/2

[Event "Zalakaros op"]
[Site "Zalakaros"]
[Date "1996.??.??"]
[Round "5"]
[White "Pal, Peter"]
[Black "Horvath, Gyula"]
[Result "1/2-1/2"]
[WhiteElo "2285"]
[BlackElo "2445"]

1.d4 Nf6 2.Nf3 e6 3.c4 Bb4+ 4.Bd2 Qe7 5.g3 Nc6 6.Bg2 Bxd2+ 7.Nbxd2 d6 8.O-O a5
9.Nb1 e5 10.dxe5 dxe5 11.Nc3 O-O 12.Nd5 Nxd5 13.cxd5 Rd8 14.e4 Bg4 15.Qa4 Nb8
16.Rac1 c6 17.Qc4 h6 18.Rfe1 Ra6 19.Qc3  1/2-1/2

[Event "Zlin op"]
[Site "Zlin"]
[Date "1996.??.??"]
[Round "?"]
[White "Suriadnji, Aleksei"]
[Black "Lechtynsky, Jiri"]
[Result "1/2-1/2"]
[WhiteElo "2285"]
[BlackElo "2415"]

1.d4 Nf6 2.Nf3 e6 3.c4 Bb4+ 4.Bd2 Qe7 5.g3 Nc6 6.Bg2 Bxd2+ 7.Qxd2 Ne4 8.Qc2 Qb4+
9.Kf1 d5 10.Na3 O-O 11.e3 Bd7 12.Kg1 Qa5 13.h3 Ne7 14.Nb1 c5 15.cxd5 exd5
16.Nbd2 Nxd2 17.Nxd2 Bf5 18.Qc3 Qxc3 19.bxc3 Rac8 20.Bf3 cxd4 21.cxd4 Rc2
22.Nb3 Rfc8 23.g4 Bg6 24.Kg2 b6 25.Rhc1 f6 26.Bd1 Rxc1 27.Rxc1 Kf7 28.Rxc8 Nxc8
29.Nc1 b5 30.Bb3 Nb6 31.f3 Ke7 32.Ne2 Bd3 33.Nc3 Kd6 34.a3 a6 35.e4 dxe4
36.Nxe4+ Bxe4 37.fxe4 g5 38.Kf3 h6 39.Ke3 Nd7 40.Kd3 Nf8 41.Kc3 a5 42.Bf7 Ke7
43.Bd5 Kd6 44.Bf7 Ke7 45.Bd5 Kd6 46.Bf7  1/2-1/2

[Event "Zlin op"]
[Site "Zlin"]
[Date "1996.??.??"]
[Round "4"]
[White "Polak, Tomas"]
[Black "Mokos, Jozef"]
[Result "1-0"]
[WhiteElo "2440"]
[BlackElo "2240"]

1.d4 Nf6 2.c4 e6 3.Nf3 Bb4+ 4.Bd2 Qe7 5.g3 b6 6.Bg2 Bb7 7.O-O Bxd2 8.Qxd2 O-O
9.Nc3 d6 10.Rfe1 Ne4 11.Qc2 Nxc3 12.Ng5 Qxg5 13.Bxb7 Nxe2+ 14.Qxe2 Nd7 15.Bxa8 Rxa8
16.Qf3 Qd8 17.b4 a5 18.a3 Ra7 19.b5 Qa8 20.Qc6 Qd8 21.Rad1 Qe7 22.Kg2 Nb8
23.Qe4 Nd7 24.f4 Qf8 25.Qf3 Qe7 26.g4 Qf6 27.Qe4 g6 28.Rf1 Kg7 29.Rd3 h6
30.Rg3 Kh7 31.h4 h5 32.f5 gxf5 33.gxf5 e5 34.Rg5 exd4 35.Rxh5+ Kg7 36.Qe8 Nf8
37.Rg5+  1-0

[Event "Weihnachts op"]
[Site "Zuerich"]
[Date "1996.??.??"]
[Round "1"]
[White "Schmid, Michael"]
[Black "Paulsen, Dirk"]
[Result "0-1"]
[WhiteElo "2255"]
[BlackElo "2345"]

1.d4 Nf6 2.c4 e6 3.Nf3 Bb4+ 4.Bd2 Bxd2+ 5.Qxd2 d6 6.Nc3 Nbd7 7.e4 e5 8.d5 O-O
9.g3 a6 10.Qc2 g6 11.Bg2 Ne8 12.h4 f5 13.h5 f4 14.hxg6 hxg6 15.gxf4 Rxf4
16.Ne2 Rf8 17.Qd2 Qe7 18.O-O-O Nc5 19.Rh6 Nxe4 20.Rxg6+ Ng7 21.Qe3 Bf5 22.Rh6 Nf6
23.Ng5 Ng4 24.Rdh1 Nxh6 25.Rxh6 Rf6 26.Rh2 Rg6 27.Ne4 Rf8 28.N2g3 Bd7 29.Rh6 Rxh6
30.Qxh6 Nf5 31.Nxf5 Bxf5 32.Ng5 Qg7 33.Qh4 Rf6 34.Be4 Bxe4 35.Nxe4 Rf4 36.Qd8+ Kh7
37.Ng5+ Kh6 38.Nh3 Rxc4+ 39.Kd2 Rd4+ 40.Kc3 Rg4 41.a3 Kh7 42.Kb3 Rg6 43.Qh4+ Rh6
44.Ng5+ Kg8 45.Qg4 Rg6 46.Qc8+ Qf8 47.Qg4 Qd8 48.Ne6 Rxg4 49.Nxd8 Rd4  0-1

[Event "RUS-Cup4"]
[Site "Perm"]
[Date "1997.02.13"]
[Round "6"]
[White "Sidorova, Elena"]
[Black "Ovchinikova, Julia"]
[Result "1/2-1/2"]
[WhiteElo "2150"]
[BlackElo "2235"]

1.d4 Nf6 2.c4 e6 3.Nf3 Bb4+ 4.Bd2 Qe7 5.g3 Nc6 6.Bg2 Bxd2+ 7.Nbxd2 d6 8.O-O a5
9.e4 e5 10.d5 Nb8 11.Ne1 O-O 12.Nd3 Na6 13.a3 Nc5 14.Nxc5 dxc5 15.Qc2 Ra6
16.Qc3 Re8 17.Rae1 a4 18.f4 Rb6 19.Qc2 Ng4 20.h3 Nh6 21.f5 f6 22.Nb1 Bd7
23.Nc3 Ra8 24.Rf2 Nf7 25.Bf1 Rb3 26.Bd3 Qd6 27.Rb1 Qb6 28.Qc1 Nd6 29.Kh2 Qa5
30.g4 h6 31.Qe3 Ra6 32.Rc1 Ra8 33.h4 Nf7 34.Rg2 Ra6 35.Rcc2 Rab6 36.Bf1 Be8
37.Qc1 Kf8 38.Rgf2 Ra6 39.Bd3 Rab6 40.Rce2 Rd6 41.Rc2 Ra6 42.Qe3 Kg8 43.Rfd2 Ra8
44.Ne2 Kf8 45.Ng1 Ke7 46.Nf3 Qb6 47.Rg2 Bd7 48.Rcd2 Rh8 49.Kg1 Qd6 50.Qf2 Rb6
51.Bb1 Ra6 52.Rg3 Raa8 53.Qe3 Ra5 54.Rdg2 b5 55.cxb5 Rxb5 56.Ba2 Rhb8 57.Nd2 c4
58.Nxc4 Qc5 59.Rc2 Nd6 60.Nxd6 Qxe3+ 61.Rxe3 Kxd6 62.Ree2 Rc5  1/2-1/2

[Event "St Petersburg-ch"]
[Site "St Petersburg"]
[Date "1997.03.12"]
[Round "7"]
[White "Epishin, Vladimir"]
[Black "Loginov, Valery A"]
[Result "1/2-1/2"]
[WhiteElo "2600"]
[BlackElo "2555"]

1.d4 Nf6 2.c4 e6 3.Nf3 Bb4+ 4.Bd2 Qe7 5.g3 Nc6 6.Nc3 Bxc3 7.Bxc3 Ne4 8.Rc1 O-O
9.Bg2 d6 10.d5 Nd8 11.Bb4 e5 12.Nd2 Nxd2 13.Qxd2 f5 14.O-O Nf7 15.c5 b6 16.cxd6 cxd6
17.f4 Ba6 18.Rfe1 exf4 19.gxf4 Rac8 20.Rc3 Rxc3 21.Bxc3 Nh6 22.h3 Bc8 23.Rf1 Kh8
24.Rf3 Ng8 25.Rg3 Nf6 26.Bf3 Rf7 27.Qd4 Ne4 28.Bxe4 Qxe4 29.h4 Qxd4+ 30.Bxd4 Kg8
31.Ra3  1/2-1/2

[Event "Clarin GP-f"]
[Site "Villa Gesell"]
[Date "1997.03.12"]
[Round "9"]
[White "Garcia Palermo, Carlos"]
[Black "Braga, Fernando"]
[Result "1/2-1/2"]
[WhiteElo "2480"]
[BlackElo "2455"]

1.Nf3 Nf6 2.d4 e6 3.c4 Bb4+ 4.Bd2 Bxd2+ 5.Qxd2 d5 6.e3 O-O 7.Nc3 b6 8.Be2 Bb7
9.cxd5 Nxd5 10.O-O Nd7 11.Nxd5  1/2-1/2

[Event "Enghien Les Bains"]
[Site "Enghien Les Bains"]
[Date "1997.03.19"]
[Round "6"]
[White "Bacrot, Etienne"]
[Black "Chabanon, Jean Luc"]
[Result "1-0"]
[WhiteElo "2500"]
[BlackElo "2435"]

1.d4 Nf6 2.Nf3 e6 3.c4 Bb4+ 4.Bd2 Qe7 5.g3 Nc6 6.Nc3 O-O 7.Bg2 Na5 8.b3 b6
9.O-O Bb7 10.Qc2 Rac8 11.Rfd1 c5 12.a3 Bxc3 13.Bxc3 cxd4 14.Rxd4 d6 15.Rad1 Rfd8
16.Bb4 Ne8 17.R4d2 Nc6 18.Bc3 e5 19.Bh3 Rb8 20.Nh4 g6 21.Ng2 Bc8 22.Bxc8 Rdxc8
23.b4 Qe6 24.Ne3 Ne7 25.Qd3 b5 26.cxb5 d5 27.Ba1 d4 28.Ng2 Nf6 29.f4 Qh3
30.g4 Qxg4 31.h3 Qe6 32.fxe5 Nh5 33.Bxd4 Rd8 34.e4 Rd7 35.a4 a6 36.bxa6 Rxb4
37.a7 Rxa4 38.Qb5 Qc6 39.Qxc6 Nxc6 40.Bc5 Rxd2 41.Rxd2 Kg7 42.Rd7 Ng3 43.e6 Ne5
44.Ne1 Ra1 45.Rxf7+ Kh6 46.e7  1-0

[Event "FRA-chT9697 final"]
[Site "Clichy"]
[Date "1997.05.01"]
[Round "8"]
[White "Relange, Eloi"]
[Black "Kosten, Anthony C"]
[Result "1/2-1/2"]
[WhiteElo "2480"]
[BlackElo "2535"]

1.d4 Nf6 2.c4 e6 3.Nf3 Bb4+ 4.Bd2 Qe7 5.g3 Nc6 6.Nc3 O-O 7.Bg2 Na5 8.Ne5 d6
9.Nd3 Bxc3 10.Bxc3 Nxc4 11.Qb3 Nb6 12.O-O Nfd5 13.Bd2 c5 14.dxc5 dxc5 15.Qc2 c4
16.Ne5 Qc7 17.Nf3 e5 18.Rac1 Bd7 19.Ba5 Rac8 20.Qe4 f6 21.Nd2  1/2-1/2

[Event "RUS-Cup7"]
[Site "Kstovo"]
[Date "1997.05.06"]
[Round "6"]
[White "Volkov, Sergey"]
[Black "Loginov, Valery A"]
[Result "1-0"]
[WhiteElo "2480"]
[BlackElo "2555"]

1.d4 Nf6 2.c4 e6 3.Nf3 Bb4+ 4.Bd2 Qe7 5.g3 Nc6 6.Bg2 Bxd2+ 7.Nbxd2 d6 8.O-O O-O
9.e4 e5 10.d5 Nb8 11.Ne1 a5 12.Nd3 Bg4 13.Qe1 Na6 14.f4 exf4 15.gxf4 Rfe8
16.a3 a4 17.Qe3 Bd7 18.Rae1 c6 19.e5 cxd5 20.cxd5 Ng4 21.Qd4 Bf5 22.Ne4 Bxe4
23.Rxe4 f5 24.Ree1 Qh4 25.h3 Nxe5 26.Nxe5 Rxe5 27.Rxe5 dxe5 28.Qxe5 Nc5 29.d6 Ne4
30.d7 Qf6 31.Bxe4 fxe4 32.Qxf6 gxf6 33.Rc1  1-0

[Event "RUS-Cup7"]
[Site "Kstovo"]
[Date "1997.05.09"]
[Round "8"]
[White "Koniushkov, Igor"]
[Black "Loginov, Valery A"]
[Result "1/2-1/2"]
[WhiteElo "2405"]
[BlackElo "2555"]

1.d4 Nf6 2.Nf3 e6 3.c4 Bb4+ 4.Bd2 Qe7 5.g3 Nc6 6.Nc3 O-O 7.Bg2 a6 8.O-O Rb8
9.Qc2 b5 10.cxb5 axb5 11.e4 Bxc3 12.bxc3 h6 13.Rfe1 e5 14.a4 bxa4 15.Rxa4 d6
16.d5 Nd8 17.Ra7 Rb7 18.Rea1 c6 19.Rxb7 Nxb7 20.c4 Qc7 21.Ne1 cxd5 22.cxd5 Qxc2
23.Nxc2 Nc5 24.f3 Nb3 25.Rd1 Nxd2 26.Rxd2 Bd7 27.Ne3 Rc8 28.Rc2 Rxc2 29.Nxc2 Kf8
30.Kf2 Ke7 31.Bf1 Kd8 32.Na3 Kc7 33.Nc4 g6 34.Be2 Ba4 35.Ke3 Nd7 36.f4 f6
37.Nb2 Nc5 38.Nxa4 Nxa4 39.Bb5 Nc5 40.Be8 g5  1/2-1/2

[Event "RUS-ch m5-8"]
[Site "Elista"]
[Date "1997.05.21"]
[Round "1.5"]
[White "Rustemov, Alexander"]
[Black "Kiriakov, Petr"]
[Result "1/2-1/2"]
[WhiteElo "2550"]
[BlackElo "2530"]

1.d4 e6 2.c4 Nf6 3.Nf3 Bb4+ 4.Bd2 Qe7 5.g3 Nc6 6.Nc3 Bxc3 7.Bxc3 Ne4 8.Qc2 Nxc3
9.Qxc3 Qb4 10.Qxb4 Nxb4 11.Kd2 d6 12.Bg2 Ke7 13.Kc3 Nc6 14.Rhd1 Bd7 15.Ne1 Rab8
16.Nd3 e5 17.dxe5 Nxe5 18.Nf4 c6 19.Rd2 Rhd8 20.Rad1 Be8 21.h4 f6 22.Be4 g6
23.b3 Bf7 24.Rh1 Ng4 25.e3 Ne5 26.Bc2 Nf3 27.Rdd1 Ne5 28.h5 Rh8 29.Ne2 Rbd8
30.Nd4 a5 31.Rh4 b5  1/2-1/2

[Event "RUS-Cup9"]
[Site "Novgorod"]
[Date "1997.06.12"]
[Round "2"]
[White "Riazantsev, Alexander"]
[Black "Krishilovsky, A."]
[Result "1/2-1/2"]
[WhiteElo "2330"]
[BlackElo "2150"]

1.d4 Nf6 2.c4 e6 3.Nf3 Bb4+ 4.Bd2 Qe7 5.Nc3 O-O 6.e3 Bxc3 7.Bxc3 Ne4 8.Qc2 Nxc3
9.Qxc3 d6 10.Be2 b6 11.O-O Bb7 12.Rac1 Nd7 13.b4 a5 14.a3 axb4 15.axb4 Ra2
16.Rc2 Rfa8 17.Rxa2 Rxa2 18.Ra1 Rxa1+ 19.Qxa1 Qd8 20.Qa4 Nf6 21.Nd2 Qa8 22.Qxa8+ Bxa8
23.f3 c5 24.bxc5 bxc5 25.Nb3 Nd7 26.Na5 Nb8 27.Kf2 Kf8 28.Bd3 Ke7 29.Ke2 h6
30.Kd2 g5 31.Kc3 h5 32.Be2 h4 33.g3 hxg3  1/2-1/2

[Event "RUS-Cup9"]
[Site "Novgorod"]
[Date "1997.06.19"]
[Round "7"]
[White "Bratchenko, Alexander"]
[Black "Lopushnoy, Denis"]
[Result "1-0"]
[WhiteElo "2390"]
[BlackElo "2290"]

1.d4 Nf6 2.c4 e6 3.Nf3 Bb4+ 4.Bd2 Qe7 5.g3 Nc6 6.Bg2 Bxd2+ 7.Nbxd2 d6 8.O-O a5
9.e4 e5 10.d5 Nb8 11.Ne1 Bg4 12.f3 Bd7 13.Nd3 Na6 14.b3 c6 15.dxc6 bxc6 16.c5 Nxc5
17.Nxc5 dxc5 18.Nc4 O-O 19.Qe1 a4 20.Nb6 Rab8 21.Nxa4 c4 22.Qc3 c5 23.Qxc4 Bb5
24.Qxc5 Qxc5+ 25.Nxc5 Bxf1 26.Bxf1 Rbc8 27.b4 Rfd8 28.a4 Rd4 29.Rb1 Ra8 30.a5 Nd7
31.Nxd7 Rxd7 32.a6 Rd6 33.b5 Rb6 34.Rc1  1-0

[Event "Vier Laenderkampf"]
[Site "Schoeneck"]
[Date "1997.06.??"]
[Round "3"]
[White "Doettling, Fabian"]
[Black "Buchenau, Frank"]
[Result "1/2-1/2"]
[WhiteElo "2310"]
[BlackElo "2215"]

1.d4 e6 2.c4 Nf6 3.Nf3 Bb4+ 4.Bd2 Qe7 5.g3 O-O 6.Bg2 Bxd2+ 7.Qxd2 d6 8.Nc3 e5
9.O-O Bg4 10.d5 a5 11.Ne1 e4 12.Nc2 Na6 13.f3 exf3 14.exf3 Bd7 15.Rae1 Qd8
16.g4 h6 17.h3 c6 18.f4 cxd5 19.g5 hxg5 20.fxg5 Ne4 21.Nxe4 dxe4 22.Qxd6 Be6
23.Qxd8 Raxd8 24.Rxe4 Rd2 25.Rf2 Rfd8 26.Rxd2 Rxd2 27.Rd4 Re2 28.Kf1 Re5
29.h4 Nc5 30.Ne1 Kf8 31.b3 Re3 32.Rd2 Ne4 33.Bxe4 Rxe4 34.Rh2 a4 35.Kf2 Bg4
36.Nf3 axb3 37.axb3 Rf4 38.Kg3 Rxf3+ 39.Kxg4 Rxb3 40.Rc2 Rb4 41.h5 b5 42.Kg3 Rxc4
43.Ra2 Rc8 44.Rb2 Rb8 45.Rb4 Ke7 46.Kf4 Kd6 47.h6 Kc5 48.Rb1 gxh6 49.gxh6 b4
50.h7 Rh8 51.Rh1 b3 52.Kg5 Kc4 53.Kf6 b2 54.Kg7 Rxh7+ 55.Kxh7 f5 56.Kg6 f4
57.Kf5 f3  1/2-1/2

[Event "Schahin Cury"]
[Site "Americana"]
[Date "1997.07.09"]
[Round "2"]
[White "Vescovi, Giovanni"]
[Black "Urday, Henry"]
[Result "1/2-1/2"]
[WhiteElo "2480"]
[BlackElo "2445"]

1.d4 Nf6 2.c4 e6 3.Nf3 Bb4+ 4.Bd2 a5 5.g3 b6 6.Bg2 Bb7 7.O-O O-O 8.Qc2 Be4
9.Qb3 Nc6 10.Bxb4 axb4 11.Nbd2 d5 12.Rfc1 Qd6 13.cxd5 exd5 14.a3 bxa3 15.Rxa3 Bxf3
16.Nxf3 Na5 17.Qc2 c6 18.Nd2 Rac8 19.Qa4 Rc7 20.Rac3 Ra7 21.Qa3 Qd7 22.Qb4 Qd8
23.Ra3 Re7 24.e3 Ne8 25.Bf1 Nd6 26.Qa4 Rc7 27.Rac3 Qe7 28.Qa2 Ra7 29.Ra3 Rfa8
30.Ra1 Nc8 31.Qb1 Nb7 32.Ba6 g6 33.Qc2 Nd8 34.Qb3 Qc7 35.e4 Ne7 36.exd5  1/2-1/2